Statistics for Name the UK Party Leaders

Click here to take the quiz!

General Stats

  • This quiz has been taken 13 times
  • The average score is 7 of 16

Answer Stats

PartyLeader% Correct
ConservativeTheresa May
100%
Scotish National PartyNicola Sturgeon
100%
LabourJeremy Corbyn
90%
Liberal DemocratVince Cable
80%
Democratic Unionist PartyArlene Foster
60%
Green Party (of England and Wales)Caroline Lucas & Jonathan Bartley
60%
Plaid CymruLeanne Wood
40%
Sinn FéinMary Lou McDonald
30%
United Kingdom Independence PartyGerard Batten
20%
Social Democratic and Labour PartyColum Eastwood
10%
Ulster Unionist PartyRobin Swann
10%
Alliance (APNI)Naomi Long
10%
Traditional Unionist VoiceJim Allister
10%
People Before ProfitEamonn McCann
10%
Scottish Green PartyPatrick Harvie & Maggie Chapman
10%
Green Party in Northern IrelandSteven Agnew
10%

Score Distribution

Percentile by Number Answered

Percent of People with Each Score

Your Score History

You have not taken this quiz